000 01164nam a2200337 i 4500
001 000027318
003 DO-SdBNP
005 20260130100508.0
007 ta
008 110331s1991 dr a 000 0 spa d
040 _aDO-SdBNP
_bspa
_cBNPHU
_erda
082 4 _a324.623
_bC794m
_222
100 1 _aCordero, Margarita
_eautor
_939
111 1 _aCIPAF (Organización)
_982327
245 1 0 _aMujer :
_bparticipación política y procesos electorales (1986-1990) /
_cMargarita Cordero ; edición Sagrada Bujosa y Taiana Mora.
264 _aSanto Domingo :
_bCIPAF,
_c1991.
300 _a121 paginas :
_bilustraciones ;
_c21 cm.
336 _2rdacontent
_atexto
_btxt
337 _2rdamedia
_asin mediacion
_bn
338 _2rdacarrier
_avolumen
_bnc
490 _aTeoría
504 _aBibliografía : p. 119-121
590 _aInventariado, 2022/MFF
650 4 _aMujeres
_xActividad política
_97828
650 4 _aMujeres en la política
_zRepública Dominicana
_y1986-1990
_982328
650 0 _aSufragio
_96413
700 1 _aBujosa, Sagrada
_eed.
_922612
700 1 _aMora, Taiana
_eed.
_954401
910 _aValidado. Control de calidad MFF
942 _2ddc
_cLBS1
999 _c26810
_d26810